000 00777cam a2200265u 4500
001 8492
003 BD-RjUL
005 20211208234610.0
008 140118s1963 nyua 001 0 eng
035 _a(BD-RjUL)8537
040 _aDLC
_cCarP
_dDLC
_dBD-RjUL
_beng
041 _aeng
082 _a530
_bBLG 1963
_223
100 1 _aBlackwood, Oswald H.
_q(Oswald Hance),
_d1888-1953.
_926452
245 1 0 _aGeneral physics /
_cOswald H. Blackwood, William C. Kelly and Raymond M. Bell
250 _a3d ed.
260 _aNew York :
_bWiley,
_cc1963
300 _a685 p. :
_bill. ;
_c25 cm.
504 _aIncludes Index.
650 0 _aPhysics.
_926453
700 _aKelly, William C.
_9159470
700 _aBell, Raymond M.
_9159471
942 _2ddc
_cBK
999 _c8492
_d8492